Statistics for Answers contain Fish

Click here to take the quiz!

General Stats

  • This quiz has been taken 15,829 times
  • The average score is 11 of 20

Answer Stats

ClueAnswer% Correct
Nemo's speciesClownfish
95%
Common orange-colored pet fishGoldfish
89%
British dish served with friesFish and Chips
88%
Sea creature with stinging tentaclesJellyfish
73%
Supplement rich
in omega-3 fatty acids
Fish Oil
72%
Whiskered, bottom-feeding fishCatfish
70%
Albacore or bluefin, e.g.Tunafish
67%
McDonald's sandwichFilet-o-Fish
67%
It's easy as shooting ...Fish in a Barrel
63%
Five-armed sea creatureStarfish
62%
RoeFish Eggs
55%
Small pond hotshotBig Fish
51%
FuguPufferfish
38%
When a person gets whacked they ...Sleep with the Fishes
30%
Relative of squids and octopusCuttlefish
28%
Common name of the Ichthys symbolJesus Fish
28%
John Travolta movieSwordfish
26%
Female fishmongerFishwife
22%
What a fish uses to climb a damFish Ladder
21%
Universal translator from
Hitchhiker's Guide to the Galaxy
Babel Fish
17%

Score Distribution

Percentile by Number Answered

Percent of People with Each Score

Your Score History

You have not taken this quiz